Geography Quiz

Random Geography or State Quiz

World Federations Quiz Stats

Quiz Updated Oct 17, 2012

Challenge
Share
Tweet
Embed
Score 0/25 Timer 05:00
0 Plays Today
Continent Country Name % Correct
North AmericaUnited States of America
90.9%
North AmericaCanada
89.2%
North AmericaMexico
86.9%
Europe/AsiaRussia
81.7%
EuropeGermany
81.3%
OceaniaAustralia
77.9%
South AmericaBrazil
77.1%
AfricaSouth Africa
74.7%
South AmericaArgentina
71.9%
EuropeSpain
71%
AsiaIndia
67%
EuropeSwitzerland
54.2%
South AmericaVenezuela
50.6%
Continent Country Name % Correct
AsiaPakistan
50%
EuropeAustria
49.9%
EuropeBelgium
44%
AfricaNigeria
41.3%
OceaniaMicronesia
34.9%
AsiaMalaysia
31.7%
AfricaEthiopia
28.5%
AsiaNepal
25.2%
AsiaUnited Arab Emirates
24.7%
EuropeBosnia & Herzegovina
14.6%
North AmericaSt Kitts & Nevis
13.8%
AfricaComoros
6.5%

You're not logged in!

Compare scores with friends on all Sporcle quizzes.
Sign Up with Email
OR
Log In

You Might Also Like...

Show Comments

Extras

Top Quizzes Today


Score Distribution

Your Account Isn't Verified!

In order to create a playlist on Sporcle, you need to verify the email address you used during registration. Go to your Sporcle Settings to finish the process.